| 000 | 00622naa a2200181 4500 | ||
|---|---|---|---|
| 001 | 179115 | ||
| 003 | ES-MaBCM | ||
| 005 | 20241016192418.0 | ||
| 008 | 100811s2009 gbr|r0p 0 ||eng d | ||
| 021 | _axx | ||
| 035 | _a(OCoLC)1365189075 | ||
| 040 | _cES-MaBCM | ||
| 100 | 1 |
_aVrdoljak, Ana Filipa _990905 |
|
| 245 | 1 | 0 |
_aHuman rights and genocide _b: the work of Lauterpacht and Lemkin in modern international law _cAna Filipa Vrdoljak |
| 650 | 2 | 7 |
_aCrimen contra la humanidad _958187 |
| 773 | 0 |
_aEn: _t European journal of international law _dOxford _w104820 _gVol. 20, No. 4 (Sept. 2009), p. 1163-1194 |
|
| 942 | _cAREV | ||
| 999 |
_c179115 _d179115 |
||